| 000 | 00418nam a22001577a 4500 | ||
|---|---|---|---|
| 003 | MPLRDC | ||
| 005 | 20220104114146.0 | ||
| 008 | 210129b ||||| |||| 00| 0 eng d | ||
| 082 | _a868.71 AWA | ||
| 100 | _aUSMAN AWANG 乌斯.曼阿旺 | ||
| 245 |
_a乌斯曼阿旺诗选 _c谷衣译 |
||
| 260 |
_a马来西亚 _b大马福联会 _c1990 |
||
| 300 | _b95 | ||
| 650 | _a马华文学--诗歌 | ||
| 942 |
_cBK _o868.71 AWA |
||
| 999 |
_c5281 _d5271 |
||